| 000 | 01781cam a2200277 4500 | ||
|---|---|---|---|
| 001 | ABS68378 | ||
| 008 | 041021n2004 000 0 eng u | ||
| 035 | _a(Sirsi) u127784 | ||
| 100 | _aMurdoch, J. | ||
| 245 | _aDon't get locked out | ||
| 260 | _c2004 | ||
| 490 |
_aEstates Gazette _v(0441) 9 October 2004, 151(1) |
||
| 520 | _aConsiders the value of exclusivity or lock-out agreements as an anti-gazumping protection, under which a vendor in return for some inducement from a prospective purchaser promises to negotiate in good faith with that purchaser alone. Examines the relevant case law. In "Walford v Miles" (HL, [1992] 2 AC 198), held that lock-out agreements were not too vague to be legally enforceable. In "Pitt v PHH Asset Management Ltd",(CA, [1993] 4 All ER 961), the claimant successfully sued the defendant company for damages for breach of the lock-out agreement and in "Tye v House" (ChD, Abs57790), it was held that a disappointed purchaser could not gain an injunction to prevent the vendor from selling to someone in breach of a lock-out agreement. In conclusion looks at "Dandara Holdings Ltd v Co-operative Retail Services Ltd " ([2004] EWHC 1476 (Ch), [2004] ALL ER (D) 246 (Jun)) where the court accepted the idea that damages for breach of a lock-out agreement can reflect loss of the chance of purchasing a property. | ||
| 590 | _aABS | ||
| 590 | _aABS | ||
| 650 | _aGAZUMPING | ||
| 650 | _aANTI-GAZUMPING AGREEMENTS | ||
| 650 | _aPITT V PHH ASSET MANAGEMENT LTD | ||
| 650 | _aTYE V HOUSE | ||
| 650 | _aDANDARA HOLDINGS LTD V CO-OPERATIVE RETAIL SERVICES LTD | ||
| 650 | _aWALFORD V MILES | ||
| 650 | _aEXCLUSIVITY AGREEMENTS | ||
| 650 | _aLOCK-OUT AGREEMENTS | ||
| 690 | _aPROPERTY AND LAND LAW-AGENCY-CASE LAW | ||
| 942 | _n0 | ||
| 999 |
_c118205 _d118205 |
||